000
00318nam a2200133Ia 4500
005
20251222144705.0
008
251222s9999||||xx |||||||||||||| ||spa||
082
_a
658.787/P59
100
_a
Pingo Flores, Rolando
245
0
_a
Manual de Control de Inventarios
250
_a
4a.ed.
264
_b
Torres
942
_c
LIB
999
_c
17620
_d
17620